ბათუმის შოთა რუსთაველის სახელმწიფო უნივერსიტეტის ბიბლიოთეკა

ქართული ენის პრაქტიკული კურსი და აკადემიური წერის საფუძვლები : (ბიბ.ჩანაწერი № 57133)

000 -ლიდერი
ფიქსირებული სიგრძის საკონტროლო ველი 01948nam a22002657a 4500
003 - საკონტროლო ნომრის იდენტიფიკატორი
საკონტროლო ველი Ge_BSU
005 - ბოლო ოპერაციის თარიღი და დრო
საკონტროლო ველი 20191125155436.0
008 - ფიქსირებული სიგრძის მონაცემთა ელემენტები - ზოგადი ინფორმაცია
ფიქსირებული სიგრძის საკონტროლო ველი 191125s2019 ge ||||| |||| 00| 0 geo d
020 ## - წიგნის საერთაშორისო სტანდარტული ნომერი
International Standard Book Number 9789941965067
041 ## - ენის კოდი
Language code of text/sound track or separate title geo
080 ## - უნივერსალური ათობითი კლასიფიკაციის ინდექსი
Universal Decimal Classification number 811.353.1(076.5)+37.016+003.074 ვ -25
100 ## - მთავარი ჩანაწერი - პიროვნების სახელი
Personal name ვაშაკიძე, იამზე.
9 (RLIN) 5560
245 ## - ცნობა სათაურის შესახებ
Title ქართული ენის პრაქტიკული კურსი და აკადემიური წერის საფუძვლები :
Remainder of title დამხმარე სახელმძღვანელო სტუდენტებისა და აბიტურიენტებისათვის /
Statement of responsibility, etc იამზე ვაშაკიძე ; ტარიელ ფუტკარაძე ; რედ. მერაბ ნაჭყებია.
264 ## - წარმოების, გამოცემის, დისტრიბუციის და სხვა ცნობები
გამოცემის, წარმოების, დისტრიბუციის... ადგილი თბილისი :
გამოცემის, წარმოების, დისტრიბუციის... სახელწოდება ქართული უნივერსიტეტი,
გამოცემის, წარმოების, დისტრიბუციის... თარიღი 2019.
300 ## - ფიზიკური აღწერა
Extent 481 გვ.:
Dimensions 29 სმ.
500 ## - ზოგადი შენიშვნა
General note შემოკლებათა განმ. 469 გვ.
504 ## - BIBLIOGRAPHY, ETC. NOTE
Bibliography, etc ბიბლიოგრაფ.გვ:453-468
653 ## - INDEX TERM--UNCONTROLLED
Uncontrolled term ქართული ენა
653 ## - INDEX TERM--UNCONTROLLED
Uncontrolled term აკადემიური წერის საკითხები
653 ## - INDEX TERM--UNCONTROLLED
Uncontrolled term გრამატიკა
700 ## - ADDED ENTRY--PERSONAL NAME
Personal name ფუტკარაძე, ტარიელ
9 (RLIN) 128
700 ## - ADDED ENTRY--PERSONAL NAME
Personal name ნაჭყებია, მერაბ
Relator term რედაქტორი
9 (RLIN) 292
710 ## - ADDED ENTRY--CORPORATE NAME
Relator term საქართველოს საპატრიარქოს წმიდა ანდრია პირველწოდებულის სახელობის ქარტული უნივერსიტეტის ჰუმანიტარულ მეცნიერებათა და სამართლის სკოლის ქართველოლოგიის ცენტრი
9 (RLIN) 5561
942 ## - ADDED ENTRY ELEMENTS (KOHA)
Source of classification or shelving scheme
Koha item type წიგნი
ეგზემპლარები
ჩამოწერის სტატუსი დაკარგული ეგზემპლარის სტატუსი კლასიფიკაციის წყარო ან თაროზე გაწყობის სქემა დაზიანების სტატუსი არ გაიცემა მუდმივი მდებარეობა (დაცვის ადგილი) ამჟამინდელი ადგილსამყოფელი თაროზე განთავსების ადგილი შეძენის თარიღი ღირებულება, შესყიდვის ნორმალური ფასი სრული შენახვის შიფრი შტრიხკოდი ბოლო ოპერაციის თარიღი ეგზემპლარის მიმდევრობითი ნომერი (კეტერი?) ფასის ძალაში შესვლის თარიღი ეგზემპლარის სახეობა საჯარო შენიშვნა
          ბათუმის შოთა რუსთაველის სახელმწიფო უნივერსიტეტის მთავარი ბიბლიოთეკა ბათუმის შოთა რუსთაველის სახელმწიფო უნივერსიტეტის მთავარი ბიბლიოთეკა წიგნსაცავი 2019-11-25 10.00 811.353.1(076.5)+37.016+003.074 ვ-25 60235 2019-11-25 60235 2019-11-25 წიგნი 10.00